| 000 | 01028nam a22002777a 4500 | ||
|---|---|---|---|
| 003 | dpl | ||
| 005 | 20180703151743.0 | ||
| 008 | 180703b xxu||||| |||| 00| 0 eng d | ||
| 010 | _aA-581085 | ||
| 020 | _c40.00 | ||
| 035 | _aA-581085, A-581090 | ||
| 037 | _bCen Lib/Ret | ||
| 040 |
_aDPL _bHN _c0 |
||
| 082 |
_aक _bशर्मासो |
||
| 100 |
_aशर्मा, सोहन _92125 |
||
| 245 |
_aआमने सामने / _cसोहन शर्मा |
||
| 246 |
_aAmane samne / _bby Sohan Sharma |
||
| 260 |
_aनयी दिल्ली _bपुष्प प्रकाशन _c1992 |
||
| 270 |
_a57-ए, संत नगर _bनयी दिल्ली _e110065 |
||
| 300 |
_a127पृ. _c16सेमी(सजिल्द ) |
||
| 650 |
_aहिंदी साहित्य _x _z _952116 |
||
| 650 |
_aहिंदी कहानियां _92082 |
||
| 650 |
_aHindi literature _v _952117 |
||
| 650 |
_aHindi stories _952118 |
||
| 942 |
_2ddc _cHN _hक _mशर्मासो |
||
| 999 |
_c113409 _d113409 |
||